Gateway to the Great Books 9: Mathematics

שמור ב:
מידע ביבליוגרפי
פורמט: ספר
שפה:Undetermined
יצא לאור: Estados Unidos Encyclopedia Britanica 1963
נושאים:
תגים: הוספת תג
אין תגיות, היה/י הראשונ/ה לתייג את הרשומה!

MARC

LEADER 00000nam a2200000Ia 4500
008 170316s9999 xx 000 0 und d
040 |a cru BVZT 
090 |a REF 
245 |a Gateway to the Great Books 9: Mathematics 
260 |a Estados Unidos 
260 |b Encyclopedia Britanica 
260 |c 1963 
300 |a 348 páginas Vol. 9 
650 |a REFERENCIA 
650 |a ENCICLOPEDIA - MATEMÁTICAS 
942 |c REF 
999 |c 14932  |d 14932